000
00289cam a2200109ua 4500
082
_a
821
_b
COU/OX
100
_a
Couch, Arthur Quiller .
_9
1957
245
_a
Oxford Book of Victorian Verse /
260
_a
London :
_b
Oxford at the Clarendon Press ,
_c
1962.
300
_a
1023 ; .
942
_c
BK
999
_c
5172
_d
5172